000 00691nam a2200205 4500
001 148052
003 ES-MaACL
007 t|
008 070214s1962 sp r ||||1| spa d
100 1 _aSpring, Howard.
_9107805
245 1 0 _aNovelas escogidas /
_cHoward Spring ; traducción de Amando Lázaro Ros.
260 _aMadrid :
_bAguilar,
_c1962.
300 _a1421 p., 1 lám. ;
_c19 cm.
505 8 _aContiene: Tomo I. Olar Audunssön. Tomo II. ¡ Hijo mío, hijo mío !. La fama es la espuela
700 1 _aLázaro Ros, Amando.
_970807
740 0 _aOlar Audunssön.
740 0 _a¡Hijo mío, hijo mío !
740 0 _aLa fama es la espuela.
852 _aES-MaACL
_jE-3701
_bR.51578
999 _c148052
_d148052